| 000 | 01120nam a22002657a 4500 | ||
|---|---|---|---|
| 005 | 20170124103017.0 | ||
| 010 | _aB-056304 | ||
| 020 | _c150.00 | ||
| 035 | _aB-056304 | ||
| 037 | _bCen Lib/Ret | ||
| 040 |
_aDPL _bHN |
||
| 082 |
_aउ _bवंधोपा |
||
| 100 |
_aवंधोपाध्याय, ताराशंकर _959377 |
||
| 245 |
_aशाप-मोचन / _cताराशंकर वंधोपाध्याय; अनुवादक ममता खरे |
||
| 246 |
_aShaap-mochan / _bby Tarashankar Vandhopadhyaya; anuvadak Mamta Khare |
||
| 260 |
_aदिल्ली _bबाल पुस्तक संस्थान _c2002 |
||
| 270 |
_a430, महाराम मौहल्ला, शाहदरा _bदिल्ली _e110032 |
||
| 300 |
_a126पृ. _c21सेमी (सजिल्द) |
||
| 650 |
_aबंगला साहित्य _959378 |
||
| 650 |
_aउपन्यास _959379 |
||
| 650 |
_aBangla literature _959380 |
||
| 650 |
_aFiction _98901 |
||
| 700 |
_aखरे, ममता _92233 |
||
| 942 |
_2ddc _cHN _hउ _mवंधोपा |
||
| 999 |
_c114994 _d114994 |
||